000 00680nam a2200289Ia 4500
001 Z_4004
003 CHAP
008 220113s1983 xx 000 0 und d
010 _a167064
040 _cCHAP
082 _a574 R8
100 _aRussek, Mauricio
_9100945
245 _aRegulación y control en biología /
_cpor Mauricio Russek y Michel Cabanac
260 _aMéxico, D.F. :
_bCECSA,
_c1983
300 _a148 p.
440 _a
500 _a
503 _a
650 _aBiología
_912773
650 _aFisiología animal I. Cabanac, Michel
_9141249
901 _a574 R8
902 _aA
910 _a1983
942 _c1
942 _cc1
999 _c167064
_d167064